Statistics for Dog Man Trivia

Click here to take the quiz!

General Stats

  • This quiz has been taken 23 times
  • The average score is 5 of 8

Answer Stats

HintAnswer% Correct
Name L'il Petey calls Petey.Papa
88%
Brawl Of The Wild's title is based on this book.Call Of The Wild
81%
Nurse Lady's boyfriend.Chief
81%
Sarah Hattoff's pet poodle's name.Zuzu
81%
3rd book in the series.A Tale Of Two Kitties
75%
Yolay Caprese is from this country.Italy
50%
7th Book in the series.For Whom The Ball Rolls
31%
This actor played Dog Man in the 4th book.Ding Dong Magoo
25%

Score Distribution

Percentile by Number Answered

Percent of People with Each Score

Your Score History

You have not taken this quiz